Catalog

Record Details

Catalog Search



The tunnels : escapes under the Berlin Wall and ... Read More

Available copies

  • 1 of 1 copy available at LARL/NWRL Consortium.

Current holds

0 current holds with 1 total copy.

Show Only Available Copies
Location Call Number / Copy Notes Barcode Shelving Location Status Due Date
Ada Public Library 943.155 MIT (Text) 33500012302105 Main Available -

Record details

  • ISBN: 9781101903858
  • ISBN: 1101903856
  • ISBN: 9781101903872
  • ISBN: 1101903872
  • Physical Description: 390 pages ; 24 cm
  • Edition: First edition.
  • Publisher: New York : Crown Publishing, 2016.

Content descriptions

Formatted Contents Note:
The Cyclist -- Two Italians and a German -- The ... Read More
Summary, etc.:
"A thrilling Cold War narrative exploring two ... Read More
Subject: Berlin Wall, Berlin, Germany, 1961-1989.
Tunnels > Germany > Berlin > History > 20th century.
Escapes > Germany > Berlin > History > 20th century.
Escapes > Germany (East) > History.
Political activists > Germany (West) > Biography.
Refugees > Germany (East) > Biography.
Documentary films > Censorship > United States > History > 20th century.
Kennedy, John F. (John Fitzgerald), 1917-1963 > Political and social views.
National Broadcasting Company > History.
Columbia Broadcasting System, inc. > History.
HISTORY > Modern > 20th Century.
HISTORY > Europe > Germany.
BIOGRAPHY & AUTOBIOGRAPHY > Presidents & Heads of State.
Genre: Biographies.
LDR 05266cam a22006018i 4500
001215698
003LARL_NWRL_CONSORTIUM
00520160829102647.0
008160328s2016 nyu 000 0deng
020 . ‡a9781101903858 ‡q(hardback)
020 . ‡a1101903856 ‡q(hardback)
020 . ‡a9781101903872 ‡q(paperback)
020 . ‡a1101903872 ‡q(paperback)
020 . ‡z9781101903865 ‡q(electronic)
035 . ‡a(OCoLC)936143196
042 . ‡apcc
043 . ‡ae-gx--- ‡ae-ge--- ‡ae-gw---
08200. ‡a943/.1550875 ‡223
084 . ‡aHIS037070 ‡aHIS014000 ‡aBIO011000 ‡2bisacsh
1001 . ‡aMitchell, Greg, ‡d1947- ‡0(LARL_NWRL_CONSORTIUM)130222
24514. ‡aThe tunnels : ‡bescapes under the Berlin Wall and the historic films the JFK White House tried to kill / ‡cGreg Mitchell.
250 . ‡aFirst edition.
264 1. ‡aNew York : ‡bCrown Publishing, ‡c2016.
300 . ‡a390 pages ; ‡c24 cm
336 . ‡atext ‡btxt ‡2rdacontent
337 . ‡aunmediated ‡bn ‡2rdamedia
338 . ‡avolume ‡bnc ‡2rdacarrier
5202 . ‡a"A thrilling Cold War narrative exploring two harrowing attempts to rescue East Germans by tunneling beneath the Berlin Wall, the U.S. television networks who financed and filmed them, and the Kennedy administration's unprecedented attempt to suppress both films. In the summer of 1962, one year after East German Communists built the Berlin Wall, a group of daring young West Germans came up with a plan. They would risk prison, Stasi torture, even death to liberate friends, lovers, and strangers in East Berlin by digging tunnels under the Wall. Among the tunnelers and escape helpers were a legendary cyclist, an American student from Stanford, and an engineer who would later help build the tunnel under the English Channel. Then two U.S. television networks, NBC and CBS, heard about the secret projects, and raced to be first to air a spectacular 'inside tunnel' special on the human will for freedom. The networks funded two separate tunnels in return for exclusive rights to film the escapes. In response, President John F. Kennedy and Secretary of State Dean Rusk, wary of anything that might raise tensions and force a military confrontation with the Soviets, maneuvered to quash both documentaries. Unfolding week by week, sometimes hour by hour, Greg Mitchell's riveting narrative deftly cuts back and forth from one extraordinary character to another. There's the tunneler who had already served four years in the East German gulag; the Stasi informer who betrays the 'CBS tunnel'; the young East Berliner who escapes with her baby, then marries one of the tunnelers; and broadcast legend Daniel Schorr, who battled unsuccessfully to save his film from White House interference and remained bitter about it to the end of his life. Looming over all is John F. Kennedy, who was ambivalent about--even hostile toward--the escape operations. Kennedy confessed to Dean Rusk: 'We don't care about East Berlin.' Based on extensive access to the Stasi archives, long-secret U.S. documents, and new interviews with tunnelers and refugees, The Tunnels provides both rich history and high suspense. Award-winning journalist Mitchell captures the hopes and fears of everyday Berliners; the chilling reach of the Stasi secret police; U.S. networks prepared to 'pay for play' yet willing to cave to official pressure; and a White House and State Department eager to suppress historic coverage. The result is 'breaking history, ' a propulsive read whose themes reverberate even today"-- ‡cProvided by publisher.
5050 . ‡aThe Cyclist -- Two Italians and a German -- The Recruits -- The President -- The Correspondent -- The Leaks -- Schorr and the Secretary -- Kiefholz Strasse -- Interrogations -- The Intruder -- The Martyr -- Coming Up Short -- Schonholzer Strasse -- Underground Film -- Threats -- The Buried Tunnel -- Sabotage -- Coming Up for Air -- Epilogue -- Cast of Characters.
650 0. ‡aBerlin Wall, Berlin, Germany, 1961-1989. ‡0(LARL_NWRL_CONSORTIUM)14850
650 0. ‡aTunnels ‡zGermany ‡zBerlin ‡xHistory ‡y20th century.
650 0. ‡aEscapes ‡zGermany ‡zBerlin ‡xHistory ‡y20th century.
650 0. ‡aEscapes ‡zGermany (East) ‡xHistory.
650 0. ‡aPolitical activists ‡zGermany (West) ‡vBiography.
650 0. ‡aRefugees ‡zGermany (East) ‡vBiography.
650 0. ‡aDocumentary films ‡xCensorship ‡zUnited States ‡xHistory ‡y20th century.
60010. ‡aKennedy, John F. ‡q(John Fitzgerald), ‡d1917-1963 ‡xPolitical and social views.
61020. ‡aNational Broadcasting Company ‡xHistory.
61020. ‡aColumbia Broadcasting System, inc. ‡xHistory.
650 7. ‡aHISTORY ‡xModern ‡x20th Century. ‡2bisacsh
650 7. ‡aHISTORY ‡zEurope ‡xGermany. ‡2bisacsh
650 7. ‡aBIOGRAPHY & AUTOBIOGRAPHY ‡xPresidents & Heads of State. ‡2bisacsh
655 7. ‡aBiographies. ‡2lcgft
77608. ‡iOnline version: ‡aMitchell, Greg, 1947- ‡tTunnels. ‡bFirst edition. ‡dNew York : Crown Publishing, 2016 ‡z9781101903865 ‡w(DLC) 2016015896
905 . ‡uvanderl
901 . ‡a215698 ‡b ‡c215698 ‡tbiblio ‡soclc

Additional Resources